The Logo Rainbow Quiz Stats

 Plays Quiz Updated Jun 19, 2018

Score 0/24 Timer 05:00
15 Plays Today
% Correct
Yahoo!
98.5%
McDonald's
98.1%
Starbucks
97.6%
Facebook
97.2%
Red Cross
89.7%
Los Angeles Lakers
88.5%
Holiday Inn
79.2%
Texaco
78%
Mitsubishi
76.7%
Yellow Pages
71.9%
Ferrari
71.8%
Sprint Nextel
64.8%
% Correct
Allstate
63.7%
Enterprise Rent-A-Car
61.2%
Prudential
55.8%
Adobe
55.6%
ING Group
52.8%
Girl Scouts of the USA
51.5%
Cadbury
48.1%
Rockstar Games
47.4%
Northwestern Wildcats
45.7%
United Airlines
41.4%
Blogger
33.9%
Reuters
10.7%

You're not logged in!

Compare scores with friends on all Sporcle quizzes.
OR
Log In

Show Comments

Extras

Top Quizzes Today


Score Distribution

Your Account Isn't Verified!

In order to create a playlist on Sporcle, you need to verify the email address you used during registration. Go to your Sporcle Settings to finish the process.

Report this User

Report this user for behavior that violates our Community Guidelines.

Details: